By the Numbers #8 - Statistics

General Stats
  • This quiz has been taken 88 times
  • The average score is 12 of 20
Answer Stats
Hint Answer % Correct
Number of arms a typical octopus has 8
92%
Number of lives some people believe a cat has 9
92%
Number that Roman numeral MMXXIII “converts” to 2023
90%
Number of shades of grey in the title of E. L. James’ 2011 erotic novel 50
89%
Number of toes a typical human foot has 5
84%
Number that something that is sexagesimal is related to 60
81%
Number of Spartans in the title of the 1962 film starring Richard Egan and Ralph Richardson 300
79%
The number of days in which Phileas Fogg wagered he could travel around the world in Jules Verne’s 1872 novel 80
79%
Number of cards in each suit in a standard deck of playing cards 13
71%
Number of questions in the name of the old parlor game 20
63%
Number of drummers drumming in one verse of “The Twelve Days of Christmas” 12
60%
The only number in the English language whose letters occur in alphabetical order when the number is spelled out 40
58%
Number of gentlemen of Verona in the title of William Shakespeare’s play 2
56%
Face value of an “F” tile in Scrabble 4
44%
Number of constitutional amendments in the US Bill of Rights 10
39%
Number of Community Chest spaces on a Monopoly board 3
35%
Number of minutes in the title of the 2007 film starring Al Pacino and Alicia Witt 88
35%
Atomic number of copper 29
23%
Number of moons Uranus has 27
19%
The number of tracks on The Beatles' eponymous album, usually known as The White Album 30
16%
No matching quizzes found
Score Distribution
Percent of People with Each Score
Percentile by Number Answered
Your Score History
You have not taken this quiz